| 000 | 00939nam a22002537a 4500 | ||
|---|---|---|---|
| 999 |
_c6948 _d6948 |
||
| 003 | AR-CdUCM | ||
| 008 | 190319b ||||| |||| 00| 0 spa d | ||
| 040 |
_aMUNICIPALIDAD PROVINCIAL DEL CUSCO _cBIBLIOTECA MUNICIPAL DEL CUSCO |
||
| 041 | _heng | ||
| 082 |
_a621.38 / _bT72 |
||
| 100 |
_aToro, Vincent Del _919584 |
||
| 245 | _aIngeniería eléctrica / | ||
| 260 |
_aBilbao : _bUrmo, _c1972. |
||
| 300 |
_a2 volumenes ; _bilustraciones, _c24 cm. |
||
| 500 | _aTitulo original: principles of electrical engineering | ||
| 505 | _aContenido: v.1: Teoría y circuitos electrónicos -- v.2: Sistema de control y calculadoras conversión electromecánica de la energía ... | ||
| 650 |
_aElectricidad _915840 |
||
| 650 |
_aCalculadoras analógicas _919585 |
||
| 650 |
_aLeyes de la ingeniería _919586 |
||
| 650 |
_aTransformadores _919587 |
||
| 700 |
_aAusejo Garcia, Rafael (traducción) _919588 |
||
| 942 |
_2ddc _cLIBROS |
||
| 945 | _aacv | ||